Sólo Madrid es corte : (Record no. 105479)

MARC details
000 -LEADER
campo de control de longitud fija 01028nam a2200253 i 4500
001 - NÚMERO DE CONTROL
campo de control 105479
003 - IDENTIFICADOR DE NÚMERO DE CONTROL
campo de control ES-MaACL
005 - FECHA Y HORA DE LA ÚLTIMA TRANSACCIÓN
campo de control 20250915063048.0
007 - CAMPO FIJO DE DESCRIPCIÓN FÍSICA--INFORMACIÓN GENERAL
campo de control de longitud fija t|
008 - DATOS DE LONGITUD FIJA--INFORMACIÓN GENERAL
campo de control de longitud fija 060719s1953 sp ||||1| spa d
040 ## - FUENTE DE CATALOGACIÓN
Centro/agencia transcriptor ES-MaACL
080 ## - NÚMERO DE LA CLASIFICACIÓN DECIMAL UNIVERSAL
Número de la Clasificación Decimal Universal 914.602.7 M."16"
100 1# - ENTRADA PRINCIPAL--NOMBRE DE PERSONA
Nombre de persona Deleito y Piñuela, José,
Fechas asociadas al nombre 1879-1957
9 (RLIN) 43365
Término indicativo de función/relación Autor
245 10 - MENCIÓN DEL TÍTULO
Título Sólo Madrid es corte :
Resto del título (la capital de dos mundos bajo Felipe IV) /
Mención de responsabilidad, etc. por José Deleito y Piñuela ; con prólogo del... Sr. D. Gabriel Maura Gamazo, Duque de Maura.
260 ## - PUBLICACIÓN, DISTRIBUCIÓN, ETC.
Lugar de publicación, distribución, etc. Madrid :
Nombre del editor, distribuidor, etc. Espasa-Calpe,
Fecha de publicación, distribución, etc. 1953.
300 ## - DESCRIPCIÓN FÍSICA
Extensión XII, 263 páginas, [6] páginas de láminas ;
Dimensiones 22 cm.
651 #4 - PUNTO DE ACCESO ADICIONAL DE MATERIA--NOMBRE GEOGRÁFICO
Nombre geográfico Madrid-
Subdivisión general Descripción-
Subdivisión cronológica S.XVII
9 (RLIN) 8956
700 1# - ENTRADA AGREGADA--NOMBRE PERSONAL
Nombre de persona Maura Gamazo, Gabriel,
Títulos y otros términos asociados al nombre Duque de Maura,
Fechas asociadas al nombre 1879-1963
9 (RLIN) 79221
Término indicativo de función/relación Autor de introducción
852 ## - LOCALIZACIÓN
Ubicación ES-MaACL
Número de control de estantería AND-279
Sublocalización o colección R.109596
Ubicación en estantería Depósito 2
itemnumber 109449
Donativo/Legado Donación: Biblioteca Juan Andrade
852 ## - LOCALIZACIÓN
Ubicación ES-MaACL
Número de control de estantería C-35947
itemnumber 109448
Ubicación en estantería Depósito 2
942 ## - ELEMENTOS DE ENTRADA SECUNDARIOS (KOHA)
Tipo de ítem Koha Libro impreso
Suprimir en OPAC No
Holdings
Estatus retirado Estado de pérdida Estado de daño No para préstamo Biblioteca de origen Biblioteca actual Ubicación en estantería Fecha de adquisición Fuente de adquisición Total de préstamos Signatura topográfica completa Código de barras Visto por última vez Precio de reemplazo Tipo de ítem Koha
        Biblioteca del Ateneo de Madrid Biblioteca del Ateneo de Madrid Depósito 2 28/05/2009     C-35947 1180254 23/02/2023 23/02/2023 Libro impreso
        Biblioteca del Ateneo de Madrid Biblioteca del Ateneo de Madrid Depósito 2 17/01/2008     AND-279 1110126 23/02/2023 23/02/2023 Libro impreso